000 00697nam a22002297a 4500
001 00000406
003 DO-SdBNP
005 20180130112351.0
007 00000406
008 160606b 1989 flu xxu||||| |||| 00| 0 spa d
040 _aBPMSU
_bspa
_cBPMSU
100 1 _aMiranda, Juan Carlos
245 1 0 _aManual de iglecrecimiento /
_cJuan Carlos Miranda ; con un prefacio de Pedro Wagner.
250 _a3a. ed.
260 _aMiami, Florida :
_bVida,
_c1989.
300 _a190, [192] p.
_bil. ;
_c22 cm.
504 _aBibliografía : p. [191-192]
700 1 2 _aWagner, Pedro,
_epre.
942 _2ddc
_cBK
945 _aInventariado, 2018/MFF
956 _2LOPEREZ
_310
_620160606
_8BPMSU
_a00041
999 _c10282
_d10282